| 000 | 01012cam a2200325 i 4500 | ||
|---|---|---|---|
| 001 | 0000501 | ||
| 003 | DO-SdBPM | ||
| 005 | 20250107114150.0 | ||
| 007 | 0000501 | ||
| 008 | 100514s1987 sp || 000 f spa | ||
| 015 | _a | ||
| 017 |
_a _b |
||
| 020 | _a8440200684 | ||
| 035 | _a | ||
| 040 |
_aDO-SdBPM _bspa _cBPMSU _e |
||
| 080 | _a | ||
| 082 | 4 |
_a843.8 _bV531J 1987 _222 |
|
| 100 | 1 |
_aVerne, Julio, _d1828-1905 |
|
| 240 | 1 | 3 |
_aL´ Etoile du sud. Le pays des diamants _lEspañol |
| 245 | 1 | 3 |
_aJuliob Verne : _b La estrella del : Sur (el país de los diamantes) / _cJulio Verne ; traducción editora Molino _h |
| 260 |
_aBarcelona: _bEdiciones Orbis, _c1987. |
||
| 300 |
_a287 p.: _bil. ; _c20 cm |
||
| 490 | 0 |
_aJulio Verne, _v55 |
|
| 500 | _3Título original en francés: L´ Etoile du sud. Le pays des diamants | ||
| 590 | _aInventariado, 2025/VM | ||
| 650 | 4 | _aNovela juvenil francesa | |
| 650 | 4 | _aLiteratura juvenil francesa | |
| 910 | _aVMateo V./ Control de calidad MFF | ||
| 942 |
_2ddc _cBK |
||
| 999 |
_c10744 _d10744 |
||